| 000 -LEADER |
| fixed length control field |
00625cas a2200205 a 4500 |
| 040 ## - CATALOGING SOURCE |
| Transcribing agency |
NIC |
| 082 ## - DEWEY DECIMAL CLASSIFICATION NUMBER |
| Classification number |
338 UNI 2005 A067 Or. |
| 245 00 - TITLE STATEMENT |
| Title |
Annual development co-operation report : |
| Remainder of title |
Cambodia. |
| 246 14 - VARYING FORM OF TITLE |
| Title proper/short title |
Development co-operation Cambodia |
| 260 ## - PUBLICATION, DISTRIBUTION, ETC. (IMPRINT) |
| Place of publication |
[Phnom Penh?] : |
| Name of publisher |
United Nations Development Programme |
| 300 ## - PHYSICAL DESCRIPTION |
| Number of Pages |
v. ; |
| Dimensions |
30 cm. |
| 650 #0 - SUBJECT ADDED ENTRY--TOPICAL TERM |
| Topical Term |
Economic assistance |
| 650 #0 - SUBJECT ADDED ENTRY--TOPICAL TERM |
| Topical Term |
Humanitarian assistance |
| 650 #7 - SUBJECT ADDED ENTRY--TOPICAL TERM |
| Topical Term |
Economic assistance. |
| 650 #7 - SUBJECT ADDED ENTRY--TOPICAL TERM |
| Topical Term |
Economic history. |
| 650 #7 - SUBJECT ADDED ENTRY--TOPICAL TERM |
| Topical Term |
Humanitarian assistance. |
| 650 #7 - SUBJECT ADDED ENTRY--TOPICAL TERM |
| Topical Term |
Social conditions |
| 710 2# - ADDED ENTRY--CORPORATE NAME |
| Corporate name or jurisdiction name as entry element |
United Nations Development Programme. |
| 942 ## - ADDED ENTRY ELEMENTS (KOHA) |
| Koha item type |
សៀវភៅភាសាអង់គ្លេស |
| 952 ## - LOCATION AND ITEM INFORMATION (KOHA) |
| Withdrawn status [LOCAL, KOHA] |
0 |
| 952 ## - LOCATION AND ITEM INFORMATION (KOHA) |
| Withdrawn status [LOCAL, KOHA] |
0 |